1895 1722 1157 1736 1155 1972 1920 1615 1752 1321 1558 1815 1225 1969 1649 1728 1645 1928 1061 1193 1490 1917 1798 1002 1573 1522 1965 1093 1124 1574 1195 1317 1750 1642 1908 1027 1999 1808 1475 1346 1134 1179 1205 1289 1334 1103 1164 1369 1665 1726 1846 1970 1697 1641 1588 1220 1857 1821 1673 1392 1974 1536 1916 1052 1916 1151 1532 1606 1899 1401 1234 1207 1021 1153 1139 1701 1040 1250 1141 1536 1081 1818 1809 1842 1670 1193 1865 1996 1429 1581 1694 1681 1519 1691 1234 1718 1916 1928 1960 BCNSPRNW ULIB Ver.6.0+V

เปลี่ยนเป็นภาษาไทย

Change to English
 แสดงรายละเอียดบรรณานุกรม
  กลับหน้าหลัก

Brief Record : Get Marc (ISO 2709) : E-mail record : QR code < ปิดหน้าต่าง
LEADER : 00000nam 2200000uu 4500
001    13399112852
003     ULIB
008    110914s2551||||th 000 0 tha d
020    9789740440017
090    นว.^bบ111จ 2551
100 0  เฉียวอัน
245 00 จอมใจนายทัพ/^cเฉียวอัน
250    พิมพ์ครั้งที่ 1
260    กรุงเทพฯ :^bแจ่มใส,^c2551
300    266 หน้า
710 1  แจ่มใส
945    ^p179^l0^i15020
995    กัณชพร
999    ^aใช้งานได้ทุกระบบ
รายการนี้ยังไม่มีแท็ก
คุณยังไม่ได้ล็อกอิน คุณสามารถมีกิจกรรมร่วมกับเว็บไซต์ได้ แต่ต้องล็อกอินก่อน ::
  ล็อกอิน

รายการสื่อสารสนเทศ

ลำดับที่ ประเภท เลขเรียก/บาร์โค้ด สถานที่ สถานะ
1. วิทยาศาสตร์การแพทย์ และสุขภาพ
วิทยาศาสตร์การแพทย์ และสุขภาพ
นว. บ111จ 2551  
  Barcode: 15020
ห้องสมุดวิทยาเขตสวรรค์ประชารักษ์
►นวนิยาย
บนชั้น
  ขอยืม

รายการใกล้เคียง
    ผู้แต่ง [เฉียวอัน]

BibComment


ยังไม่เคยถูกคอมเมนท์

คอมเมนท์ทรัพยากรรายการนี้
  คอมเมนท์: จอมใจนายทัพ เฉียว..


 Copyright 2026. Bcnsprnw @Library